| 000 | 00736nam a22002055i 4500 | ||
|---|---|---|---|
| 001 | 48355 | ||
| 003 | ES-MaACL | ||
| 005 | 20251003164705.0 | ||
| 007 | t| | ||
| 008 | 950714s1875 fr ||||1| fre d | ||
| 040 |
_aCAM _bspa _cCAM |
||
| 100 | 1 |
_aDarwin, Charles, _d1809-1882 _942770 |
|
| 245 | 1 | 0 |
_aVoyage d'un naturaliste autour du monde _b: fait a bord du navire le Beagle de 1831 a 1836 / _cpar Charles Darwin...; traduit de l'anglais par... Ed. Barbier. |
| 260 |
_aParis : _bC. Reinwald et Cie., _c1875 ( _ftypographie A. Hennuyer) |
||
| 300 |
_a[4], VIII, 552 p. ; _c24 cm. |
||
| 700 | 1 |
_aBarbier, Edmond, _d1834?-1880 _925450 |
|
| 852 |
_aES-MaACL _jD-4503 |
||
| 852 |
_aES-MaACL _jB-1656 |
||
| 999 |
_c48355 _d48355 |
||